000 nam a22 a 4500
999 _c426851
_d426851
003 BLK
005 20210805100140.0
008 180408b bul|||||r ||||||| ||bul||
040 _aBLK
041 _aRUS
_cRUS
072 _9178367
_aЦ
_xРедки и ценни
080 _aРуска литература
_b821.161.1
_x-32
_z821.161.1-32
139 _aЗавоевание галлий
245 1 0 _aЗавоевание галлий
_bИст. повесть из времен Юлия Цезаря в двух частях
260 _aМосква
_bТипогр. товарищества И. Д. Сытина
_c1897
_9443681
300 _c21 см
_a143 с.
380 _aX
490 _9435080
_aКолекция Редки и ценни издания
852 _aРр 898
_bРц
856 4 _qpdf
856 4 _qpdf
942 _cKNG
_n0
_s1
944 _aCR
_c2021-08-05
_kК.Д.